[Event "GER-chT U12"]
[Site "Muenchen"]
[Date "2022.12.28"]
[Round "4"]
[White "Sosnicki, Adrian"]
[Black "Neumeier, Konstantin"]
[Result "0-1"]
[WhiteElo "1132"]
[BlackElo "1443"]
[PlyCount "32"]
[EventDate "2022.12.26"]
[EventType "team-swiss"]
[EventRounds "7"]
[EventCountry "GER"]
[SourceTitle "CBM 212 Extra"]
[Source "ChessBase"]
[SourceDate "2023.03.31"]
[SourceVersion "1"]
[SourceVersionDate "2023.03.31"]
[SourceQuality "1"]
[WhiteTeam "Leipzig Turm"]
[BlackTeam "Kelheim"]
[WhiteTeamCountry "GER"]
[BlackTeamCountry "GER"]

1. e4 e5 2. d4 exd4 3. Nf3 Nc6 4. Nxd4 Bc5 5. Be3 Qf6 6. c3 Nge7 7. Bb5 0-0 8. b4 Bb6 9. a4 a6 10. Bxc6 Nxc6 11. Nxc6 Bxe3 12. fxe3 dxc6 13. Qd4 Qg6 14. 0-0 Bh3 15. Rf2 Rad8 16. Qa7 Rd1+ 0-1